Loading...
| Science - Chemistry | 0 | 5 | 0 | 1 | 50 | 69 | 100.60 | 0 | 1 |
| Science - Biology | 0 | 6 | 3 | 0 | 45 | 75 | 86.33 | 0 | 1 |
| Fine Arts - Other Fine Arts | 0 | 2 | 0 | 0 | 20 | 76 | 97.00 | 0 | 0 |
| Painting & Sculpture | 0 | 2 | 0 | 0 | 20 | 102 | 115.00 | 0 | 0 |
| Literature - World Literature | 0 | 2 | 0 | 0 | 20 | 48 | 51.50 | 1 | 2 |
| Science - Physics | 0 | 2 | 1 | 0 | 15 | 97 | 111.00 | 0 | 0 |
| Any History | 0 | 1 | 0 | 0 | 10 | 119 | 119.00 | 0 | 0 |
| Fine Arts - Classical Music | 0 | 1 | 0 | 0 | 10 | 84 | 84.00 | 0 | 0 |
| Mythology | 0 | 1 | 0 | 0 | 10 | 96 | 96.00 | 0 | 0 |
| Other Academic | 0 | 1 | 0 | 0 | 10 | 103 | 103.00 | 0 | 1 |
| Religion | 0 | 1 | 0 | 0 | 10 | 88 | 88.00 | 0 | 0 |
| Science - Other Science | 0 | 1 | 0 | 0 | 10 | 73 | 73.00 | 0 | 0 |
| Social Science | 0 | 0 | 0 | 0 | 0 | 0.00 | 0 | 0 | |
| Current Events | 0 | 0 | 1 | 0 | -5 | 0.00 | 0 | 0 |